Pasión doméstica /
Αποθηκεύτηκε σε:
| Κύριος συγγραφέας: | |
|---|---|
| Μορφή: | Κείμενο |
| Θέματα: | |
| Ετικέτες: |
Προσθήκη ετικέτας
Δεν υπάρχουν, Καταχωρήστε ετικέτα πρώτοι!
|
MARC
| LEADER | 00000 a a2200000 04500 | ||
|---|---|---|---|
| 001 | 8729 | ||
| 003 | |||
| 040 | |||
| 100 | |a Kaufmann, Etty Helen | ||
| 245 | |a Pasión doméstica / |c Etty Helen Kaufmann | ||
| 650 | |a VIOLENCIA INTRAFAMILIAR | ||
| 650 | |a VIOLENCIA CONTRA LAS MUJERES | ||
| 650 | |a DERECHO DE FAMILIA | ||
| 650 | |a COSTA RICA | ||
| 773 | |g número 11; páginas 8795 | ||
| 999 | |c 28100 |d 28100 | ||
